General Geography Knowledge - Statistics

General Stats
  • This quiz has been taken 39 times
  • The average score is 6 of 8
Answer Stats
Hint Answer % Correct
What does UN stand for? United Nations
97%
What continent is China in? Asia
90%
How many continents are there? 7
86%
How many countries are there? (Answers may vary) 193, 194, 195, 196
83%
What country is technically a continent? Australia
79%
What is the best website for geography trivia? JetPunk
72%
What does NATO stand for? North Atlantic Treaty Organization
55%
What does USA stand for? Unites States of America
3%
No matching quizzes found
Score Distribution
Percent of People with Each Score
Percentile by Number Answered
Your Score History
You have not taken this quiz